ბათუმის შოთა რუსთაველის სახელმწიფო უნივერსიტეტის ბიბლიოთეკა

Clinical Guide to Assessment and Treatment of Communication Disorders / (ბიბ.ჩანაწერი № 57868)

000 -LEADER
fixed length control field 01390cam a22003015i 4500
001 - CONTROL NUMBER
control field 21675994
005 - DATE AND TIME OF LATEST TRANSACTION
control field 20221130110403.0
006 - FIXED-LENGTH DATA ELEMENTS--ADDITIONAL MATERIAL CHARACTERISTICS
fixed length control field m |o d |
007 - PHYSICAL DESCRIPTION FIXED FIELD--GENERAL INFORMATION
fixed length control field cr |||||||||||
008 - FIXED-LENGTH DATA ELEMENTS--GENERAL INFORMATION
fixed length control field 180921s2018 gw |||| o |||| 0|eng
020 ## - INTERNATIONAL STANDARD BOOK NUMBER
International Standard Book Number 9783319932026x
041 ## - LANGUAGE CODE
Language code of text/sound track or separate title eng
080 ## - UNIVERSAL DECIMAL CLASSIFICATION NUMBER
Universal Decimal Classification number 159.922.7 + 616-053.2 +364.4 P-91
100 1# - MAIN ENTRY--PERSONAL NAME
Personal name Prelock, Patricia A.
Relator term author.
9 (RLIN) 10587
245 10 - TITLE STATEMENT
Title Clinical Guide to Assessment and Treatment of Communication Disorders /
Statement of responsibility, etc. by Patricia A. Prelock, Tiffany L. Hutchins.
250 ## - EDITION STATEMENT
Edition statement 1st ed. 2018.
264 #1 - PRODUCTION, PUBLICATION, DISTRIBUTION, MANUFACTURE, AND COPYRIGHT NOTICE
Place of production, publication, distribution, manufacture Cham :
Name of producer, publisher, distributor, manufacturer Springer International Publishing :
-- Imprint: Springer,
Date of production, publication, distribution, manufacture, or copyright notice 2018.
300 ## - PHYSICAL DESCRIPTION
Extent 1 online resource (XIV, 160 pages 1 illustrations)
588 ## - SOURCE OF DESCRIPTION NOTE
Source of description note Description based on publisher-supplied MARC data.
653 ## - INDEX TERM--UNCONTROLLED
keyword კომუნიკაციის დარღვევების შეფასებისა და მკურნალობის კლინიკური სახელმძღვანელო
653 ## - INDEX TERM--UNCONTROLLED
keyword მედიცინა
653 ## - INDEX TERM--UNCONTROLLED
keyword პედიატრია
653 ## - INDEX TERM--UNCONTROLLED
keyword ფსიქოლოგია
653 ## - INDEX TERM--UNCONTROLLED
keyword Clinical Guide to Assessment and Treatment of Communication Disorders
700 1# - ADDED ENTRY--PERSONAL NAME
Personal name Hutchins, Tiffany L.
Relator term ავტორი
9 (RLIN) 10588
830 #0 - SERIES ADDED ENTRY--UNIFORM TITLE
Uniform title Best Practices in Child and Adolescent Behavioral Health Care,
International Standard Serial Number 2523-7128
9 (RLIN) 10589
942 ## - ADDED ENTRY ELEMENTS (KOHA)
Source of classification or shelving scheme
Koha item type წიგნი
ეგზემპლარები
Withdrawn status Lost status Source of classification or shelving scheme Damaged status Not for loan Permanent Location Current Location Shelving location Date acquired Cost, normal purchase price Full call number Barcode Date last seen Copy number Price effective from Koha item type Public note
          ბათუმის შოთა რუსთაველის სახელმწიფო უნივერსიტეტის მთავარი ბიბლიოთეკა ბათუმის შოთა რუსთაველის სახელმწიფო უნივერსიტეტის მთავარი ბიბლიოთეკა წიგნსაცავი 2021-03-19 227.00 159.922.7 + 616-053.2 +364.4 P-91 61248 2021-03-19 61248 2021-03-19 წიგნი 227 ლ.